HANDS ON MACHINE LEARNING WITH SCIKIT LEARN AND TENSORFLOW CONCEPTS TOOLS AND TECHNIQUES TO BUILD INTELLIGENT SYSTEM (Record no. 22925)

MARC details
000 -LEADER
fixed length control field 00436nam a22001577a 4500
003 - CONTROL NUMBER IDENTIFIER
control field SGT
020 ## - INTERNATIONAL STANDARD BOOK NUMBER
International Standard Book Number 9789352139057
082 ## - DEWEY DECIMAL CLASSIFICATION NUMBER
Classification number 006.1,GER
100 ## - MAIN ENTRY--PERSONAL NAME
Personal name GERON AURELINE
245 ## - TITLE STATEMENT
Title HANDS ON MACHINE LEARNING WITH SCIKIT LEARN AND TENSORFLOW CONCEPTS TOOLS AND TECHNIQUES TO BUILD INTELLIGENT SYSTEM
250 ## - EDITION STATEMENT
Edition statement 2ND
260 ## - PUBLICATION, DISTRIBUTION, ETC. (IMPRINT)
Place of publication, distribution, etc MUMBAI
Name of publisher, distributor, etc SPD
Year of Publication 2021
300 ## - PAGE DESCRIPTION
No. of Pages 819
650 ## - SUBJECT ADDED ENTRY--TOPICAL TERM
Topical term or geographic name as entry element MECHANICAL ENGINEERING
942 ## - ADDED ENTRY ELEMENTS (KOHA)
Source of classification or shelving scheme Dewey Decimal Classification
Koha item type Books
942 ## - ADDED ENTRY ELEMENTS (KOHA)
-- 64
Holdings
Withdrawn status Lost status Source of classification or shelving scheme Damaged status Not for loan Collection code Home library Current library Shelving location Date acquired Vendor Name Cost, normal purchase price SGTU Bill Number Total Checkouts Total Renewals Full call number Accession No. (Barcode) Date last seen Date last borrowed Bill Date Koha item type Use restrictions
    Dewey Decimal Classification     ENGG BOOK BANK SGT Engineering Library SGT Engineering Library Text Book 24/06/2022 AHUJA BOOK COMPANY PVT.LTD 2475.00 SGTU 14477 21 1 006.1,GER FE8456 05/05/2025 15/04/2025 19/05/2022 Books  
    Dewey Decimal Classification   Not For Loan ENGG BOOK BANK SGT Engineering Library SGT Engineering Library Reference Book 24/06/2022 AHUJA BOOK COMPANY PVT.LTD 2475.00 SGTU 14477     006.1,GER FE8457 24/06/2022   19/05/2022 Books Restricted Access
    Dewey Decimal Classification     ENGG BOOK BANK SGT Engineering Library SGT Engineering Library Text Book 24/06/2022 AHUJA BOOK COMPANY PVT.LTD 2475.00 SGTU 14477 11 3 006.1,GER FE8458 08/01/2025 07/11/2024 19/05/2022 Books  
    Dewey Decimal Classification     ENGG BOOK BANK SGT Engineering Library SGT Engineering Library Text Book 24/06/2022 AHUJA BOOK COMPANY PVT.LTD 2475.00 SGTU 14477 29 2 006.1,GER FE8459 21/01/2026 21/01/2026 19/05/2022 Books  
    Dewey Decimal Classification     ENGG BOOK BANK SGT Engineering Library SGT Engineering Library Text Book 24/06/2022 AHUJA BOOK COMPANY PVT.LTD 2475.00 SGTU 14477 20   006.1,GER FE8460 03/12/2025 21/11/2025 19/05/2022 Books